Las asociaciónes en participación, camino para modernizar el campo.

Podielnícke spoločnosti s účasťou poľnohospodárskych podnikateľov a výrobcov poľnohospodárskych výrobkov - ich význam, výhody, skúsenosti a postavenie na poľnohospodárskom trhu. Lepšia využiteľnosť najmodernejšej techniky. Charakter fungovania týchto spoločností. Popis skúseností fungovania na príkl...

Ausführliche Beschreibung

Gespeichert in:
Bibliographische Detailangaben
1. Verfasser: Dutrénit Bielous, G.
Weitere Verfasser: Oliveira Vera-Cruz, A.
Format: Buchkapitel
Sprache:Spanisch
Schlagworte:
Tags: Tag hinzufügen
Keine Tags, Fügen Sie das erste Tag hinzu!

MARC

LEADER 00000naa a2200000 4500
001 r010008
005 20221130112608.2
041 0 |a spa 
044 |a MX 
245 1 0 |a Las asociaciónes en participación, camino para modernizar el campo.  |c G. Dutrénit Bielous, A. Oliveira Vera-Cruz 
520 |a Podielnícke spoločnosti s účasťou poľnohospodárskych podnikateľov a výrobcov poľnohospodárskych výrobkov - ich význam, výhody, skúsenosti a postavenie na poľnohospodárskom trhu. Lepšia využiteľnosť najmodernejšej techniky. Charakter fungovania týchto spoločností. Popis skúseností fungovania na príklade 3 spoločností. 
610 2 0 |a poľnohospodárstvo 
610 2 0 |a podnikanie 
610 2 0 |a podnik poľnohospodársky 
610 2 0 |a modernizácia 
610 2 0 |a vidiek 
610 2 0 |a výrobky poľnohospodárske 
610 2 0 |a trh 
610 2 0 |a vybavenosť technická 
610 2 0 |a podiely na zisku 
610 2 0 |a spoločnosti akciové 
100 1 |a Dutrénit Bielous, G. 
700 1 |a Oliveira Vera-Cruz, A.